|
|
|
|
| LEADER |
00000naa2a2200000 4500 |
| 001 |
611902 |
| 005 |
20260417163030.0 |
| 035 |
|
|
|a (RuTPU)RU\TPU\conf\9749
|
| 090 |
|
|
|a 611902
|
| 100 |
|
|
|a 20150423d2010 k y0rusy50 ca
|
| 101 |
0 |
|
|a rus
|
| 102 |
|
|
|a RU
|
| 135 |
|
|
|a drcn ---uucaa
|
| 181 |
|
0 |
|a i
|
| 182 |
|
0 |
|a b
|
| 200 |
1 |
|
|a Програмный комплекс ANSYS 12 в исследовании геометрии деформирования гибкого стержня распределенной нагрузкой
|f К. К. Манабаев, А. В. Анфилофьев
|
| 203 |
|
|
|a Текст
|c электронный
|
| 215 |
|
|
|a 1 файл(458 Kb)
|
| 300 |
|
|
|a Заглавие с экрана
|
| 320 |
|
|
|a [Библиогр.: с. 84 (2 назв.)]
|
| 337 |
|
|
|a Adobe Reader
|
| 463 |
|
1 |
|0 (RuTPU)RU\TPU\conf\9747
|t Современные проблемы машиностроения
|o труды V Международной научно-технической конференции, Томск, 23-26 ноября 2010 г.
|f Национальный исследовательский Томский политехнический университет (ТПУ)
|v [С. 82-84]
|d 2010
|
| 610 |
1 |
|
|a электронный ресурс
|
| 610 |
1 |
|
|a труды учёных ТПУ
|
| 610 |
1 |
|
|a деформирование
|
| 610 |
1 |
|
|a гибкие стержни
|
| 610 |
1 |
|
|a распределенная нагрузка
|
| 700 |
|
1 |
|a Манабаев
|b К. К.
|c физик
|c доцент Томского политехнического университета, кандидат физико-математических наук
|f 1985-
|g Кайрат Камитович
|3 (RuTPU)RU\TPU\pers\31643
|9 15781
|
| 701 |
|
1 |
|a Анфилофьев
|b А. В.
|c профессор Томского политехнического университета
|f 1939-2010
|g Александр Васильевич
|3 (RuTPU)RU\TPU\pers\24403
|9 10789
|
| 801 |
|
2 |
|a RU
|b 63413507
|c 20150423
|g RCR
|
| 856 |
4 |
|
|u http://www.lib.tpu.ru/fulltext/c/2010/C45/001.pdf
|
| 942 |
|
|
|c BK
|